000 006310000a22001810004500
003 MACL
005 20160329133253.0
008 160329b xxu||||| |||| 00| 0 eng d
040 _aMACL
_cMACL
041 _aHindi
082 _a300
100 _aप्रमोद कुमार सिंह
_948593
245 _aभारत में सामाजिक सुरक्षा
260 _bविघासागर सामाजिक सुरक्षा सेवा एवं शोध संस्‍थान
_c2002
_aपटना
350 _a300
650 _aSocial Problem
_948594
942 _cHIN
_k300
_2ddc
999 _c17749
_d17749